00868nam a2200193 a 450000100100000000500170001000800410002704000250006808200190009310000490011224500840016126000410024530000280028650000630031470000400037795201170041795201230053499900170065700004428520201002045252.0140612s2009 dr a 000 0 spa d aDO-SdBNPbspacBNPHU axxxxxxbxxxxxx1 aRamírez Ferreira, Rafael R.,d1950-93443510aEn esto creo /cRafael R. Ramírez Ferreira ; edición Sócrates Suazo Ruiz. aSanto Domingo :bEditaLibros,c2009. a196 p. :bil. ;c22 cm. aIncluye datos biográficos del autor en la contracubierta1 aSuazo Ruiz, Sócrates,eed.910239 0010718PDaPDbPDcHDd2014-06-12iLF1l0oxxxxxx xxxxxxp44285-10r2020-06-25w2020-06-25yLFPDZNo se presta 0010718PDaPDbPDcHDd2014-06-12iLF1l0oxxxxxx xxxxxxp44285-20r2020-06-25te. 2w2020-06-25yLFPDZNo se presta c43774d43774